Auswanderungen Taiwan - Statistiken

Allgemein
  • Dieses Quiz wurde 57 mal gespielt
  • Das Durchschnittsergebnis liegt bei 12 aus 15
Antwortstatistiken
Platz Land Anzahl % Korrekt
2. China 287.142
100%
1. Vereinigte Staaten 668.972
100%
13. Südkorea 30.985
98%
8. Japan 52.768
96%
12. Australien 34.000
94%
5. Kanada 121.275
92%
6. Vietnam 72.000
92%
3. Indonesien 210.000
86%
4. Thailand 145.000
86%
9. Malaysia 44.000
78%
7. Singapur 57.000
78%
14. Frankreich 12.000
75%
10. Brasilien 38.000
69%
15. Argentinien 11.000
57%
10. Brunei 38.000
27%
Keine übereinstimmenden Quizze gefunden
Verteilung der Resultate
Anzahl Personen mit jedem Resultat
Perzentil nach korrekt beantworteten Fragen
Ihre Resultats-Entwicklung
Sie haben dieses Quiz noch nicht gespielt